• 首页
  • 本馆介绍
  • 公告通知
  • 最新文献
  • 馆藏检索
  • 电子资源
  • 读者导购
  • 参考咨询
  • 我的图书馆
  • 登录
  • 详细信息显示
  • 放入我的书架
  • 预约/预借图书
  • 作者相关作品
  • 分类相关作品
  • 丛书相关作品
  • 出版社相关作品

书目信息

  • 表格格式
  • 工作单格式
  • 卡片格式
题名:
中国手疗
    
 
作者: 季泰安 主编
分册:  
出版信息: 呼和浩特   远方出版社  2003
页数: 154页
开本: 20cm
丛书名: 自然疗法首席专家讲座系列
单 册:
中图分类: R244.1
科图分类:
主题词: 手--按摩疗法(中医)
电子资源:
ISBN: 7-80595-844-0
000 00768oam2 2200241 450
001 0123456084317
005 20070731170344.96
010    @a7-80595-844-0@dCNY24.80
100    @a20050401d2003 ekmy0chiy0110 ea
101 0  @achi
102    @aCN@b150000
105    @aa z 000yy
200 1  @a中国手疗@Azhong guo shou liao@f季泰安主编
210    @a呼和浩特@c远方出版社@d2003
215    @a154页@c图,照片@d20cm
225 2  @a自然疗法首席专家讲座系列
330    @a本书简要地介绍了手部诊断按摩疗法的概论、基本原理、反射区位置、手法和临床应用范围,图文并茂,通俗易懂。
461  0 @12001 @a自然疗法首席专家讲座系列
606 0  @a手@x按摩疗法(中医)
690    @aR244.1@v4
701  0 @a季泰安@Aji tai an@4主编
801  0 @aCN@bWHC@c20070731
905    @a10447@dR244.1@e230
    
    中国手疗/季泰安主编.-呼和浩特:远方出版社,2003
    154页:图,照片;20cm.-(自然疗法首席专家讲座系列)
    
    
    ISBN 7-80595-844-0:CNY24.80
    本书简要地介绍了手部诊断按摩疗法的概论、基本原理、反射区位置、手法和临床应用范围,图文并茂,通俗易懂。
●
相关链接 在E读中查询图书 在五车中查询图书 在当当中查询图书 在豆瓣中查询图书


正题名:中国手疗     索取号:R244.1/230         预约/预借

序号 登录号 条形码 馆藏地/架位号 状态 备注
1 0789045   207890451   第二样本阅览室/ [索取号:R244.1/230] 在馆    
2 0789046   207890460   教育系资料室/ [索取号:R244.1/230] 在馆    
3 0789047   207890479   第三借阅区/ [索取号:R244.1/230] 在馆    
4 0789048   207890488   教育系资料室/ [索取号:R244.1/230] 在馆    
5 0789049   207890497   第三借阅区/ [索取号:R244.1/230] 在馆    
唐山师范学院图书馆 欢迎您!
大连网信软件有限公司© 版权所有